Azariah of Dornakal / (Record no. 7333)
[ view plain ]
| 000 -LEADER | |
|---|---|
| fixed length control field | 00870cam a2200253 i 4500 |
| 001 - CONTROL NUMBER | |
| control field | 1334799 |
| 003 - CONTROL NUMBER IDENTIFIER | |
| control field | GBCCL |
| 005 - DATE AND TIME OF LATEST TRANSACTION | |
| control field | 20241126110625.0 |
| 008 - FIXED-LENGTH DATA ELEMENTS--GENERAL INFORMATION | |
| fixed length control field | 790719s1972 ii af 000 0beng |
| 010 ## - | |
| -- | 78912234 |
| 040 ## - CATALOGING SOURCE | |
| Original cataloging agency | DLC |
| Transcribing agency | DLC |
| Modifying agency | DLC |
| 050 00 - | |
| -- | BX5680.A9 |
| -- | G7 1972 |
| 082 00 - DEWEY DECIMAL CLASSIFICATION NUMBER | |
| Classification number | 283.092 |
| -- | B |
| Item number | GRA |
| 100 1# - MAIN ENTRY--PERSONAL NAME | |
| Personal name | Graham, Carol. |
| 9 (RLIN) | 12976 |
| 245 10 - TITLE STATEMENT | |
| Title | Azariah of Dornakal / |
| Statement of responsibility, etc. | Carol Graham. |
| 250 ## - EDITION STATEMENT | |
| Edition statement | Rev. ed. |
| 260 ## - PUBLICATION, DISTRIBUTION, ETC. | |
| Place of publication, distribution, etc. | Delhi : |
| Name of publisher, distributor, etc. | Indian Society for Promoting Christian Knowledge ; |
| Place of publication, distribution, etc. | Madras : |
| Name of publisher, distributor, etc. | Christian Literature Society, |
| Date of publication, distribution, etc. | 1972. |
| 300 ## - PHYSICAL DESCRIPTION | |
| Extent | vi, 118 p., [1] leaf of plates : |
| Other physical details | ill. ; |
| Dimensions | 20 cm. |
| 600 10 - SUBJECT ADDED ENTRY--PERSONAL NAME | |
| Personal name | Azariah, Vedanayagam Samuel, |
| Dates associated with a name | 1874-1945. |
| 9 (RLIN) | 12977 |
| 610 20 - SUBJECT ADDED ENTRY--CORPORATE NAME | |
| Corporate name or jurisdiction name as entry element | Church of England in India |
| General subdivision | Bishops |
| -- | Biography. |
| 9 (RLIN) | 12978 |
| 650 #0 - SUBJECT ADDED ENTRY--TOPICAL TERM | |
| Topical term or geographic name entry element | Bishops |
| Geographic subdivision | India |
| General subdivision | Biography. |
| 9 (RLIN) | 12979 |
| 906 ## - LOCAL DATA ELEMENT F, LDF (RLIN) | |
| a | 7 |
| b | cbc |
| c | orignew |
| d | 4 |
| e | ncip |
| f | 19 |
| g | y-gencatlg |
| 942 ## - ADDED ENTRY ELEMENTS (KOHA) | |
| Source of classification or shelving scheme | Dewey Decimal Classification |
| Koha item type | Books |
| Withdrawn status | Lost status | Source of classification or shelving scheme | Damaged status | Not for loan | Home library | Current Library | Shelving location | Date acquired | Total checkouts | Full call number | Barcode | Date last seen | Copy number | Price effective from | Koha item type |
|---|---|---|---|---|---|---|---|---|---|---|---|---|---|---|---|
| Dewey Decimal Classification | GRACE BIBLE COLLEGE | GRACE BIBLE COLLEGE | Church History | 2018-07-30 | 283.092 GRA | 001591 | 2025-05-01 | c.1 | 2018-07-30 | Books |